Score 0/25 Timer 07:00
1 Play Today
% Correct
approximately 100 miles per hour
98.2%
back yards
94.3%
three pints of alcohol
93.5%
boot, bone and ball
93%
4 million tonnes lighter
93%
1987
92.6%
kidnapped by a monkey
91%
to hide their ankles
90%
disappears every year
90%
malaria, plague and smallpox
90%
broken picnic table
90%
three arrows in the air
89.5%
eye shadow
88.5%
% Correct
five gallons of defensive slime
88.3%
wearing stilettos
87.4%
the FBI
86.1%
on their birthdays
86%
childhood flatulence
84.2%
a road-safety commercial
83%
Antarctica
78.2%
mid-sentence
76.5%
by coconuts
72.4%
Oklahoma
71.2%
one place
67.4%
bottom slapping
64.9%
Remove Ads.
Support Sporcle.
Get the best of Sporcle when you Go Orange. This ad-free experience offers more features, more stats, and more fun while also helping to support Sporcle. Thank you for becoming a member.

You're not logged in!

Compare scores with friends on all Sporcle quizzes.
OR
Log In

Show Comments

Extras

Top Quizzes Today


Score Distribution

Your Account Isn't Verified!

In order to create a playlist on Sporcle, you need to verify the email address you used during registration. Go to your Sporcle Settings to finish the process.

Report this User

Report this user for behavior that violates our Community Guidelines.

Details: